|
|
|
|
| LEADER |
00000nab a2200000 a 4500 |
| 001 |
vtls000224822 |
| 003 |
SK-MaSNL |
| 005 |
20260305001454.0 |
| 008 |
250422c1985 xo 0 slo |
| 015 |
|
|
|a SNBRB19rr/mm-uuuuu
|
| 035 |
|
|
|a CL0234936
|
| 035 |
|
|
|a urn:nbn:sk:snk-ab5ym
|
| 035 |
|
|
|a (urnnbn)urn:nbn:sk:snk:ar-a03lt5
|
| 035 |
|
|
|a (uuid)c083e139-b1be-47af-91f5-ed78b4ba327d
|
| 040 |
|
|
|a SNKBUCL
|b slo
|c SNKBUCL
|e AACR2
|
| 041 |
0 |
|
|a slo
|
| 044 |
|
|
|a xo
|c SK
|
| 080 |
|
|
|a 611.842+611.843
|2 1981
|
| 080 |
|
|
|a 611.843
|2 1981
|
| 080 |
|
|
|a 615.217
|2 1981
|
| 080 |
|
|
|a 617.7-007
|2 1981
|
| 100 |
1 |
|
|a Kováčik, Ladislav,
|d 1931-1989
|4 aut
|9 160425
|
| 245 |
1 |
0 |
|a Rozdiely v cholínergnom účinku eserínu a pilokarpínu na uveu a sietnicu hovädzieho oka
|c Ladislav Kováčik, Miroslav Mikulecký
|
| 300 |
|
|
|b Obr. 1. Res. rus., angl., nem., lit. 20 zázn. v slov., angl., ruš., franc.
|
| 650 |
0 |
7 |
|a uvea
|2 snkbucl
|9 72919
|
| 650 |
0 |
7 |
|a sietnica
|2 snkbucl
|9 20919
|
| 655 |
|
7 |
|a články z novín a časopisov
|2 snkbucl
|9 267496
|
| 700 |
1 |
|
|a Mikulecký, Miroslav,
|d 1927-2015
|4 aut
|9 218286
|
| 773 |
0 |
|
|t Bratislavské lekárske listy
|g Roč. 84, č. 1 (1985), s. 45-49
|
| 850 |
|
|
|a Slovenská národná knižnica
|
| 852 |
|
|
|a Slovenská národná knižnica
|
| 954 |
|
|
|a odborná, vedecká literatúra pôvodná (slovenská)
|2 lita
|
| 958 |
|
|
|a article27
|
| 958 |
|
|
|a NB
|
| 958 |
|
|
|a RK
|
| 958 |
|
|
|a MI
|
| 958 |
|
|
|a OND
|
| 958 |
|
|
|a EUIPO
|
| 992 |
|
|
|a RBX
|
| 999 |
|
|
|c 3219613
|d 3221543
|